Tabu homosexualitat : die geschichte eines vorurteils /

Gespeichert in:
Bibliographische Detailangaben
1. Verfasser: Bleibtreu-Ehrenberg, Gisela (Verfasst von)
Format: Buch
Sprache:Deutsch
Veröffentlicht: Frankfurt : Fischer, 1978
Tags: Tag hinzufügen
Keine Tags, Fügen Sie das erste Tag hinzu!

MARC

LEADER 00000nam a22000007i 4500
001 IT\ICCU\UBO\3402516
003 ItRI
005 20260115231841.0
008 080401s1978 gw |||||| ||||| |||||c
020 |a 3100073029 
040 |b ita  |c importazione bologna sebina 
041 7 |a ger  |2 ISO-639-2 
100 1 |a Bleibtreu-Ehrenberg, Gisela  |0 IT\ICCU\UBOV\616314  |4 aut 
245 1 0 |a Tabu homosexualitat :  |b die geschichte eines vorurteils /  |c Gisela Bleibtreu-Ehrenberg. 
260 |a Frankfurt :  |b Fischer,  |c 1978 
300 |a 443 p. ;  |c 22 cm. 
942 |2 ddc  |c BK  |n 0 
952 |0 0  |1 0  |4 0  |6 DOC_306_766000000000000_BLE  |7 0  |9 14223  |a BO  |b BO  |d 2026-01-15  |i 1841  |l 0  |o DOC 306.766 BLE  |p BO1841  |r 2026-01-15 23:18:41  |w 2026-01-15  |x [Sebina 5] [1 v.]  |y BK  |z 1 v. 
999 |c 12273  |d 12273